LEADER 00899nam0-2200337---450- 001 990008442930403321 005 20140506154237.0 010 $a88-06-17227-1 035 $a000844293 035 $aFED01000844293 035 $a(Aleph)000844293FED01 035 $a000844293 100 $a20061221d2005----km-y0itay50------ba 101 1 $aita$cfre 102 $aIT 105 $ay-------001yy 200 1 $aPadri e madri$el'ordine dei ruoli in famiglia$fAldo Naouri 210 $aTorino$cEinaudi$d2005 215 $aVIII, 288 p.$d21 cm 225 1 $a<>struzzi$v594 610 0 $aPaternità 610 0 $aMaternità 676 $a155.646$v21$zita 700 1$aNaouri,$bAldo$0224132 801 0$aIT$bUNINA$gRICA$2UNIMARC 901 $aBK 912 $a990008442930403321 952 $aP.1 PG 610$bBibl. 54875$fFLFBC 959 $aFLFBC 996 $aPadri e madri$9728139 997 $aUNINA LEADER 01736oam 2200493Ia 450 001 9910701728503321 005 20120504104753.0 035 $a(CKB)5470000002420815 035 $a(OCoLC)793103384 035 $a(EXLCZ)995470000002420815 100 $a20120504d1985 ua 0 101 0 $aeng 135 $aurbn||||||||| 181 $ctxt$2rdacontent 182 $cc$2rdamedia 183 $acr$2rdacarrier 200 10$aReliability and throughput analysis of a concatenated coding scheme$b[electronic resource] /$fRobert H. Deng, Daniel J. Costello, Jr 210 1$a[Washington, D.C.] :$c[National Aeronautics and Space Administration],$d[1985?] 215 $a1 online resource (19 pages, 15 unnumbered pages) $cillustrations 225 1 $a[NASA contractor report] ;$vNASA-CR-176570 300 $aTitle from title screen (viewed on May 4, 2012). 320 $aIncludes bibliographical references (page 19). 606 $aBursts$2nasat 606 $aConcatenated codes$2nasat 606 $aError correcting codes$2nasat 606 $aError detection codes$2nasat 606 $aRandom noise$2nasat 606 $aReliability$2nasat 615 7$aBursts. 615 7$aConcatenated codes. 615 7$aError correcting codes. 615 7$aError detection codes. 615 7$aRandom noise. 615 7$aReliability. 700 $aDeng$b Robert H$01414400 701 $aCostello$b Daniel J.$f1942-$044016 712 02$aUnited States.$bNational Aeronautics and Space Administration. 801 0$bGPO 801 1$bGPO 801 2$bGPO 906 $aBOOK 912 $a9910701728503321 996 $aReliability and throughput analysis of a concatenated coding scheme$93513512 997 $aUNINA